Gaming Quiz

Random Gaming or Nintendo Quiz

RPG Thieves Quiz Stats

 Plays Quiz not verified by Sporcle

Support Sporcle.
Go Orange.
Score 0/22 Timer 10:00
0 Plays Today
% Correct
Yuffie Kisaragi
87.9%
Locke Cole
81.8%
Zidane Tribal
81.8%
Joker
72.7%
Yangus
66.7%
Duster
60.6%
Kid
60.6%
Kasumi Goto
57.6%
Legault
48.5%
Sothe
48.5%
Erik
48.5%
% Correct
Calamity Jane
45.5%
Therion
45.5%
Badrach
39.4%
Karn
36.4%
Roy
36.4%
Hawkeye
36.4%
Volke
36.4%
Bleublanc
36.4%
Rei
36.4%
Krin
30.3%
Slade
24.2%

You're not logged in!

Compare scores with friends on all Sporcle quizzes.
OR
Log In

From the Vault

5-Star Literary Characters

by jakethegoldfish

Oh, you read a lot of books? Why not show us how many characters you actually know?
Remove Ads.
Support Sporcle.
Get the best of Sporcle when you Go Orange. This ad-free experience offers more features, more stats, and more fun while also helping to support Sporcle. Thank you for becoming a member.

Show Comments

Extras

Top Quizzes Today


Score Distribution

Your Account Isn't Verified!

In order to create a playlist on Sporcle, you need to verify the email address you used during registration. Go to your Sporcle Settings to finish the process.

Report this User

Report this user for behavior that violates our Community Guidelines.

Details: